| 000 | 00671cab a2200241 4500 | ||
|---|---|---|---|
| 001 | WB3329-60 | ||
| 008 | 090401t1997 xxu||||| |||| 00| 0 eng d | ||
| 035 | _a(Sirsi) u79826 | ||
| 041 | _aeng | ||
| 245 | _aPay-to-drive trial | ||
| 260 | _c1997 | ||
| 350 | _a0 | ||
| 490 |
_aGuardian _v23 July 1997, 6(1) |
||
| 520 | _aLeicester is to launch a pay-to-drive experiment to test motorists` attitudes to switching to public transport. | ||
| 650 | _aLEICESTER | ||
| 650 | _aPARK AND RIDE | ||
| 650 | _aPAY-TO-DRIVE SCHEMES | ||
| 650 | _aPUBLIC TRANSPORT | ||
| 650 | _aROAD TOLLS | ||
| 690 | _aTRANSPORT AND COMMUNICATIONS | ||
| 942 | _n0 | ||
| 948 | _c23/07/1997 | ||
| 999 |
_c50223 _d50223 |
||